000 00709nam a2200229 i 4500
001 13688
003 ES-MaACL
005 20251017063041.0
007 t|
008 980528s1992 sp ||||1| spa d
020 _a84-7039-633-1
080 _a821.134.2-22"15"
100 1 _aRueda, Lope de,
_dca. 1505-ca. 1565
_9100511
245 1 0 _aPasos /
_cLope de Rueda ; edición, introducción y notas de José Luis Canet.
260 _aMadrid :
_bCastalia,
_c[1992]
300 _a324 p. ;
_c18 cm.
490 1 _aClásicos Castalia ;
_v196
700 1 _aCanet, José Luis.
_934487
830 0 _aClásicos Castalia ;
_v196
_9178595
852 _aES-MaACL
_jL-20987
_bR.121917
999 _c13688
_d13688